Marketing for hospitality and tourism

Guardado en:
Detalles Bibliográficos
Autor principal: Kotler, Philip
Otros Autores: Bowen, John T., Makens, James C.
Formato: Libro
Lenguaje:inglés
Publicado: Upper Saddle River Pearson 2010
Edición:5th ed.
Materias:
Etiquetas: Agregar Etiqueta
Sin Etiquetas, Sea el primero en etiquetar este registro!

MARC

LEADER 00000nam a2200000 4500
001 0124901
005 20240226124355.1
020 |a 978-0-13-245313-4 
020 |a 0-13-245313-4 
041 0 |a eng 
044 |a US 
245 1 0 |a Marketing for hospitality and tourism  |c Philip Kotler, John T. Bowen, James C. Makens 
250 |a 5th ed. 
264 1 |a Upper Saddle River  |b Pearson  |c 2010 
300 |a 683 s. 
610 2 0 |a pohostinstvo 
610 2 0 |a turistika 
610 2 0 |a ruch cestovný 
610 2 0 |a plánovanie strategické 
610 2 0 |a výskum marketingový 
610 2 0 |a systémy informačné 
610 2 0 |a zákazníci 
610 2 0 |a segmentácia trhu 
610 2 0 |a produkty 
610 2 0 |a marketing interný 
610 2 0 |a ceny 
610 2 0 |a reklama 
610 2 0 |a predaj 
610 2 0 |a práca s verejnosťou 
610 2 0 |a plán marketingový 
100 1 |a Kotler, Philip 
700 1 |a Bowen, John T. 
700 1 |a Makens, James C.